000 00739nam a2200229 a 4500
008
020 _a0844230677 (pbk.)
049 _aMAIN
090 _aHF5438.5
_bSCH
100 1 _aSchultz, Don E.
245 1 0 _aSales promotion essentials :
_bthe 12 basic sales promotion techniques ... and how to use them /
_cDon E. Schultz and William A. Robinson.
260 _aLincolnwood IL. :
_bNTC Business Books,
_cc1982.
300 _av, 234 p. :
_bill. ;
_c24 cm.
500 _aIncludes index.
650 0 _aSales promotion.
700 1 _aRobinson, William A.
907 _a.b10005298
_b20-03-12
_c17-04-03
003
005 20230123133115.0
040 _cNUST
942 _cBOOKS
_kHF5438.5
_mSCH
999 _c142856
_d142856